| 000 | 00544nam a2200169 4500 | ||
|---|---|---|---|
| 008 | 060627s1993 enk 0 eng | ||
| 020 |
_a1852401370 : _cPhp40.00 |
||
| 090 |
_aBT121.2 _bR25h |
||
| 100 | 1 | _aReekie, Bruce | |
| 245 | 1 | 0 |
_aThe Holy Spirit and Israel / _cBruce Reekie. |
| 260 |
_aEngland : _bSovereign World Ltd., _cc1993. |
||
| 300 | _a218 p. | ||
| 504 | _aIncludes bibliographical references. | ||
| 650 | 4 | _aHoly Spirit. | |
| 651 | 4 |
_aIsrael _xProphecies. |
|
| 951 |
_p29541 _x00033062 _oBT121.2/R25h _j070613111558687 _d2000-12-21 _cGC |
||
| 999 |
_c26919 _d26919 |
||